<?xml version="1.0" encoding="UTF-8"?>
<record
    xmlns:xsi="http://www.w3.org/2001/XMLSchema-instance"
    xsi:schemaLocation="http://www.loc.gov/MARC21/slim http://www.loc.gov/standards/marcxml/schema/MARC21slim.xsd"
    xmlns="http://www.loc.gov/MARC21/slim">

  <leader>01008nam a2200265 a 4500</leader>
  <controlfield tag="001">BRL_1568</controlfield>
  <controlfield tag="005">20190320211251.0</controlfield>
  <controlfield tag="008">140314s1962----u--oae####---#000-0#eng-#</controlfield>
  <datafield tag="041" ind1=" " ind2=" ">
    <subfield code="a">eng</subfield>
  </datafield>
  <datafield tag="044" ind1=" " ind2=" ">
    <subfield code="a">u</subfield>
  </datafield>
  <datafield tag="050" ind1=" " ind2="4">
    <subfield code="a">F1219</subfield>
    <subfield code="b">.L69 1962</subfield>
  </datafield>
  <datafield tag="100" ind1="1" ind2=" ">
    <subfield code="a">Lowe, Gareth W.</subfield>
    <subfield code="9">27307</subfield>
  </datafield>
  <datafield tag="245" ind1="1" ind2="0">
    <subfield code="a">Mound 5 and minor excavations, Chiapa de Corzo, Chiapas, Mexico</subfield>
    <subfield code="c">by Gareth W. Lowe.</subfield>
  </datafield>
  <datafield tag="260" ind1=" " ind2=" ">
    <subfield code="a">Provo, Utah</subfield>
    <subfield code="b">New World Archeological Foundation, Brigham Young University</subfield>
    <subfield code="c">1962</subfield>
  </datafield>
  <datafield tag="300" ind1=" " ind2=" ">
    <subfield code="a">vi, 114 p.</subfield>
    <subfield code="b">il., fotograf&#xED;as (blanco y negro), mapas</subfield>
    <subfield code="c">27 cm.</subfield>
    <subfield code="e">+ 1 Plano plegable</subfield>
  </datafield>
  <datafield tag="440" ind1=" " ind2="0">
    <subfield code="a">Papers of the New World Archaeological Foundation</subfield>
    <subfield code="v">no. 12</subfield>
    <subfield code="9">27308</subfield>
  </datafield>
  <datafield tag="440" ind1=" " ind2="0">
    <subfield code="a">Publication</subfield>
    <subfield code="v">no. 8</subfield>
    <subfield code="9">27309</subfield>
  </datafield>
  <datafield tag="500" ind1=" " ind2=" ">
    <subfield code="a">Au1453</subfield>
  </datafield>
  <datafield tag="650" ind1="1" ind2="4">
    <subfield code="a">Ind&#xED;genas de M&#xE9;xico</subfield>
    <subfield code="x">Antig&#xFC;edades</subfield>
    <subfield code="z">Chiapa de Corzo</subfield>
    <subfield code="9">27212</subfield>
  </datafield>
  <datafield tag="650" ind1="1" ind2="4">
    <subfield code="a">Excavaciones arqueologicas</subfield>
    <subfield code="z">Chiapa de Corzo</subfield>
    <subfield code="9">27213</subfield>
  </datafield>
  <datafield tag="651" ind1=" " ind2="4">
    <subfield code="a">Chiapa de Corzo</subfield>
    <subfield code="x">Antig&#xFC;edades</subfield>
    <subfield code="9">27214</subfield>
  </datafield>
  <datafield tag="710" ind1="2" ind2=" ">
    <subfield code="a">New World Archaeological Foundation</subfield>
    <subfield code="9">27310</subfield>
  </datafield>
  <datafield tag="902" ind1=" " ind2=" ">
    <subfield code="a">GRL</subfield>
  </datafield>
  <datafield tag="942" ind1=" " ind2=" ">
    <subfield code="2">lcc</subfield>
    <subfield code="c">B</subfield>
  </datafield>
  <datafield tag="999" ind1=" " ind2=" ">
    <subfield code="c">10377</subfield>
    <subfield code="d">10377</subfield>
  </datafield>
  <datafield tag="952" ind1=" " ind2=" ">
    <subfield code="0">0</subfield>
    <subfield code="1">0</subfield>
    <subfield code="4">0</subfield>
    <subfield code="7">0</subfield>
    <subfield code="a">BRL</subfield>
    <subfield code="b">BRL</subfield>
    <subfield code="d">2014-03-14</subfield>
    <subfield code="i">Au1453</subfield>
    <subfield code="l">0</subfield>
    <subfield code="o">F1219 .L69 1962 (Au1453)</subfield>
    <subfield code="p">GRL01727</subfield>
    <subfield code="r">2019-03-22 00:00:00</subfield>
    <subfield code="w">2019-03-22</subfield>
    <subfield code="y">B</subfield>
  </datafield>
</record>
